000 00788nam a2200205 i 4500
001 73599
003 ES-MaACL
005 20250807210531.0
007 t|
008 040909s1914 sp ||||1| spa d
100 1 _aGómez Ocaña, José,
_d1860-1919
_958079
245 1 0 _aEscuela del Hogar y Profesional de la Mujer
_b: memoria del curso de 1913 a 1914 /
_cpor ...José Gómez Ocaña.
260 _aMadrid :
_b[s.n.],
_c1914 (
_fImp. de Hijos de Nicolás Moya)
300 _a15 p., [3] h. pleg. ;
_c23 cm.
610 2 _aEscuela del Hogar y Profesional de la Mujer (Madrid)-
_vMemorias.
_9149407
650 4 _aMujeres-
_xEducación
_912094
710 2 _aEscuela del Hogar y Profesional de la Mujer (Madrid)
_9149406
852 _aES-MaACL
_jT-1437-F-1
999 _c73599
_d73599